Länder der Welt - 4 Minuten-Sprint - Statistiken

Allgemein
  • Dieses Quiz wurde 151 mal gespielt
  • Das Durchschnittsergebnis liegt bei 73 aus 196
Antwortstatistiken
Land % Korrekt
Deutschland
86%
Schweden
80%
Frankreich
78%
Spanien
78%
China
76%
Russland
76%
Kanada
75%
Schweiz
74%
Finnland
73%
Belgien
71%
Irland
71%
Japan
71%
Norwegen
69%
Polen
69%
Brasilien
67%
Portugal
67%
Australien
66%
Italien
66%
Mexiko
65%
Österreich
65%
Island
64%
Lettland
64%
Dänemark
63%
Estland
63%
Litauen
63%
Albanien
62%
Niederlande
62%
Ungarn
62%
Andorra
61%
Chile
59%
Irak
59%
Iran
59%
Monaco
59%
Luxemburg
57%
Slowenien
57%
Türkei
57%
Peru
56%
Slowakei
55%
Bulgarien
54%
Griechenland
54%
Tschechien
54%
Neuseeland
53%
Rumänien
53%
Serbien
52%
Argentinien
51%
Malta
51%
Ukraine
51%
Indien
50%
Kroatien
49%
Vatikanstadt
49%
Kuba
47%
Oman
47%
Vereinigtes Königreich
47%
Jemen
46%
Liechtenstein
46%
Bosnien und Herzegowina
45%
Kosovo
45%
Marokko
45%
Weißrussland
45%
Bolivien
44%
Zypern
44%
Ägypten
43%
San Marino
43%
Israel
42%
Panama
42%
Thailand
42%
Kolumbien
41%
Montenegro
40%
Niger
40%
Paraguay
40%
Südkorea
40%
Uruguay
40%
Syrien
39%
Vietnam
39%
Afghanistan
38%
Algerien
38%
Moldawien
38%
Nordkorea
38%
Venezuela
38%
Kasachstan
37%
Mongolei
37%
Saudi-Arabien
37%
Südafrika
37%
Sudan
37%
Belize
36%
Ghana
35%
Indonesien
35%
Katar
35%
Mali
35%
Taiwan
35%
Benin
34%
Demokratische Republik Kongo
34%
Palau
34%
Togo
34%
Tonga
34%
Armenien
33%
Ecuador
33%
Haiti
33%
Kongo
33%
Libanon
33%
Tuvalu
33%
Bahamas
32%
Costa Rica
32%
Nauru
32%
Nigeria
32%
Pakistan
32%
Südsudan
32%
Tschad
32%
Tunesien
32%
Angola
31%
Brunei
31%
Honduras
31%
Suriname
31%
Jamaika
30%
Nicaragua
30%
Nordmazedonien
30%
Bahrain
29%
Guatemala
29%
Laos
29%
Somalia
29%
Bhutan
28%
Guyana
28%
Jordanien
28%
Libyen
28%
Nepal
28%
Samoa
28%
Vereinigte Staaten
28%
Bangladesch
27%
Birma
27%
Kenia
27%
Kuwait
27%
St Lucia
27%
Vereinigte Arabische Emirate
27%
Antigua und Barbuda
26%
Eritrea
26%
Fidschi
26%
Grenada
26%
Usbekistan
26%
Salomonen
25%
Sri Lanka
25%
St Kitts und Nevis
25%
Äthiopien
24%
Barbados
24%
Dominica
24%
El Salvador
24%
Georgien
24%
Guinea
24%
Kiribati
24%
Madagaskar
24%
Namibia
24%
Sambia
24%
Aserbaidschan
23%
Gambia
23%
Vanuatu
23%
Botswana
22%
Kirgisistan
22%
Turkmenistan
22%
Uganda
22%
Kambodscha
21%
Mikronesien
21%
Osttimor
21%
Senegal
21%
St Vincent und die Grenadinen
21%
Trinidad und Tobago
21%
Côte d'Ivoire
20%
Gabun
20%
Malaysia
20%
Mauretanien
20%
Ruanda
20%
Tansania
20%
Burundi
19%
Komoren
19%
Malawi
19%
Marshallinseln
19%
Singapur
19%
Tadschikistan
19%
Cabo Verde
18%
Dschibuti
18%
Guinea-Bissau
18%
Kamerun
18%
Mauritius
18%
Lesotho
17%
Seychellen
16%
Malediven
15%
Mosambik
14%
Philippinen
14%
Liberia
13%
Papua-Neuguinea
13%
São Tomé und Príncipe
13%
Sierra Leone
13%
Simbabwe
13%
Swasiland
13%
Dominikanische Republik
12%
Burkina Faso
10%
Äquatorial-Guinea
7%
Zentralafrikanische Republik
6%
Keine übereinstimmenden Quizze gefunden
Verteilung der Resultate
Anzahl Personen mit jedem Resultat
Perzentil nach korrekt beantworteten Fragen
Ihre Resultats-Entwicklung
Sie haben dieses Quiz noch nicht gespielt